000 00295nam a2200121Ia 4500
008 231129s9999||||xx |||||||||||||| ||spa||
082 _aOEM- 1729
100 _aMoones Hussein ... [et al.]
245 0 _aEl Canal de Suez
260 _c195
264 _a[s.l.]: [s.no.] 195?
942 _2ddc
_cBKS
999 _c10468
_d10468